MARC

Tag First Indicator Second Indicator Subfields
LEADER 00000cam a2200000 i 4500
001 in00002781265
005 20151202171324.0
008 110918t20112011be a b 001 0 eng c
016 7 |a 015974840  |2 Uk 
020 |a 9782503534022 
020 |a 2503534023 
029 1 |a DEBBG  |b BV039847817 
035 |a (OCoLC)ocn753634901 
035 |a (OCoLC)753634901 
040 |a BTCTA  |b eng  |e rda  |c BTCTA  |d ERASA  |d YDXCP  |d UKMGB  |d DEBBG  |d OHX  |d NLE  |d CGU  |d STF  |d ZCU  |d BWX  |d UtOrBLW 
042 |a pcc 
043 |a e-uk-en 
049 |a TXAM 
050 4 |a BV4818  |b .A484 2011 
082 0 4 |a 820.9382309024  |2 23 
245 0 0 |a After Arundel :  |b religious writing in fifteenth-century England /  |c edited by Vincent Gillespie and Kantik Ghosh. 
264 1 |a Turnhout, Belgium :  |b Brepols,  |c [2011] 
264 4 |c ©2011 
300 |a xix, 657 pages :  |b illustrations ;  |c 24 cm. 
336 |a text  |b txt  |2 rdacontent 
337 |a unmediated  |b n  |2 rdamedia 
338 |a volume  |b nc  |2 rdacarrier 
490 1 |a Medieval church studies ;  |v volume 21 
504 |a Includes bibliographical references (pages [591]-641) and index. 
650 0 |a Devotional literature, English (Middle)  |x History and criticism. 
650 0 |a Christian literature, English (Middle)  |x History and criticism. 
650 0 |a Christian life  |z England  |x History  |y Middle Ages, 600-1500  |x Sources. 
651 0 |a England  |x Church history  |y 15th century  |x Sources. 
655 4 |a Aufsatzsammlung. 
648 7 |a Geschichte 1400-1500.  |2 swd 
650 0 7 |a Christliche Literatur.  |0 (DE-588c)4010110-1  |2 swd 
650 0 7 |a Schrifttum.  |0 (DE-588c)4255550-4  |2 swd 
650 0 7 |a Theologie.  |0 (DE-588c)4059758-1  |2 swd 
651 7 |a England.  |0 (DE-588c)4014770-8  |2 swd 
651 7 |a Mittelenglisch.  |0 (DE-588c)4039676-9  |2 swd 
700 1 |a Gillespie, Vincent. 
700 1 |a Ghosh, Kantik,  |d 1967- 
830 0 |a Medieval church studies ;  |v v. 21. 
938 |a Baker and Taylor  |b BTCP  |n BK0010170157 
938 |a Erasmus Boekhandel  |b ERAA  |n NTS0000128432 
938 |a YBP Library Services  |b YANK  |n 7239205 
938 |a Otto Harrassowitz  |b HARR  |n har125003020 
938 |a Blackwell Book Service  |b BBUS  |n 7239205 
947 |a A14835904202 
945 |a PromptCat  |b 916777 
946 |a stk 
994 |a 92  |b TXA 
999 |a MARS 
999 f f |s 1485897d-8d91-3a57-93e7-5a14b16b39d1  |i a8240d3e-51c6-3a0f-9187-dcce1fb082d3  |t 0 
952 f f |p normal  |a Texas A&M University  |b College Station  |c Sterling C. Evans Library  |d Evans: Library Stacks  |t 0  |e BV4818 .A484 2011  |h Library of Congress classification  |i unmediated -- volume  |m A14835904202 
998 f f |a BV4818 .A484 2011  |t 0  |l Evans: Library Stacks